banner koha

Surgical sponge associated with platelets rich plasma in skin mesh grafts and layer in rabbits (Oryctolagus cuniculus) (Registro n. 327763)

MARC details
000 -LÍDER
fixed length control field 04569nab a2200457 i 4500
003 - CÓDIGO MARC DA AGÊNCIA CATALOGADORA
Campo de controle BR-BrBNA
005 - DATA E HORA DA ÚLTIMA ATUALIZAÇÃO
Campo de controle 20240923131856.0
008 - CAMPO DE TAMANHO FIXO
fixed length control field 240923b2018 bl.|r|pooa||| 00| 0 eng |
040 ## - FONTE DA CATALOGAÇÃO
Agência catalogadora BR-BrBNA
Idioma da catalogação eng
072 ## - CATEGORIA AGRIS
Código AGRIS L70
Código do objeto 5600
100 ## - ENTRADA PRINCIPAL - NOME PESSOAL
Nome pessoal Pazzini, J.M.
100 ## - ENTRADA PRINCIPAL - NOME PESSOAL
Nome pessoal Serafim, E.L.
100 ## - ENTRADA PRINCIPAL - NOME PESSOAL
Nome pessoal Uscategui, R.R.A.
100 ## - ENTRADA PRINCIPAL - NOME PESSOAL
Nome pessoal Almeida, V.T.
100 ## - ENTRADA PRINCIPAL - NOME PESSOAL
Nome pessoal Oliva, C.A.C.
100 ## - ENTRADA PRINCIPAL - NOME PESSOAL
Nome pessoal Gärtner, F.
100 ## - ENTRADA PRINCIPAL - NOME PESSOAL
Nome pessoal Amorim, I.
100 ## - ENTRADA PRINCIPAL - NOME PESSOAL
Nome pessoal Faria, F.
100 ## - ENTRADA PRINCIPAL - NOME PESSOAL
Nome pessoal Rêma, A.
100 ## - ENTRADA PRINCIPAL - NOME PESSOAL
Nome pessoal Reis Filho, N.P.
100 ## - ENTRADA PRINCIPAL - NOME PESSOAL
Nome pessoal Ferreira, M.G.P.A.
100 ## - ENTRADA PRINCIPAL - NOME PESSOAL
Nome pessoal Silva, A.C.
100 ## - ENTRADA PRINCIPAL - NOME PESSOAL
Nome pessoal Huppes, R.R.
100 ## - ENTRADA PRINCIPAL - NOME PESSOAL
Nome pessoal Moraes, P.C.
100 ## - ENTRADA PRINCIPAL - NOME PESSOAL
Nome pessoal Oliveira,J.A.
100 ## - ENTRADA PRINCIPAL - NOME PESSOAL
Nome pessoal Nardi, A.B.
245 ## - TÍTULO PRINCIPAL
Título principal Surgical sponge associated with platelets rich plasma in skin mesh grafts and layer in rabbits (Oryctolagus cuniculus)
500 ## - NOTA GERAL
Nota geral Publicação online; 19 ref.; 3 illus.; Summaries (En, Pt)
942 ## - ADDED ENTRY ELEMENTS (KOHA)
Koha item type Analítica
520 ## - NOTA DE RESUMO
Nota de conteúdo <br/><br/>ABSTRACT - The aim of this study was to evaluate of the efficacy of PRP employment associated with surgical sponges to improve the integration of the graft in the recipient bed. It was held at the Veterinary Hospital UNESP, Campus of Jaboticabal - SP, a study of 64 rabbits, divided into eight groups with eight animals. The groups were divided in control with saline solution 0,9%, control with PRP both without the sponge, surgical sponge with PRP, surgical sponge without PRP, and were used mesh and layer grafts in the respective groups. The data were submitted to statistical analysis (paired t-test, Kruskal-Wallis test, with subsequent use of the multiple comparison tests of Dunn, analysis of variance (F) test, Tukey test, P< 0.05). Edema and exudate with 3 and 3 and 7 days (P= 0,03 e P= 0,0049); coloring on the 14th day (P= 0,0001); cosmetic appearance on the 7th and 14th day (P= 0,0026 and P= 0,0001); mononuclear cells (P= 0,01) and polymorphonuclear (P= 0,01); fibroblast proliferation (P= 0,01); collagenous (P= 0,05); hemorrhage (P-007); necrosis and re-epithelialization (P= 0,2928 and P= 0,1). We concluded that the use of Platelet Rich Plasma Gel on skin grafts associated with a sponge as a compressive dressing promote the skin graft survival without a previous granulation tissue.<br/><br/><br/>Keywords: rabbit, skin grafts, compressive dressing, angiogenesis, PRP
520 ## - NOTA DE RESUMO
Nota de conteúdo <br/><br/>RESUMO - O objetivo deste estudo foi avaliar a eficácia do PRP associado com esponjas cirúrgicas na integração do enxerto ao leito receptor. Realizou-se, no Hospital Veterinário da Unesp, Jaboticabal, SP, um estudo com 64 coelhos, separados em oito grupos, com oito animais. Os grupos foram: Gprpc (PRP, sem esponja cirúrgica, enxerto camada), Gprpce (PRP, esponja cirúrgica, enxerto camada), Gcc (solução fisiológica 0,9%, sem esponja cirúrgica, enxerto camada), Gcce (solução fisiológica 0,9%, esponjas cirúrgicas, enxerto camada), Gprpm (PRP, sem esponja cirúrgica, enxerto malha), Gprpme (PRP, esponja cirúrgica, enxerto malha), Gcm (solução fisiológica 0,9%, sem esponja cirúrgica, enxerto malha) e Gcce (solução fisiológica 0,9%, esponjas cirúrgicas, malha). Os dados foram analisados pelo teste t emparelhado, Kruskal-Wallis, análise de variância, e teste de Tukey (P<0,05). Edema e exsudato presente com três e sete dias (P=0,03 e P=0,0049); coloração cianótica no 14º dia (P=0,0001); aspecto cosmético bom no sétimo e no 14º dia (P=0,00026 e P=0,0001); presença de células mononucleares (P=0,01) e polimorfonucleares (P=0,01); proliferação de fibroblastos discreta (P=0,01); colagenização intensa (P=0,05); hemorragia discreta (P=0,007); ausência de diferença significativa em necrose e reepitelização (P=0,2928 e P=0,1). Conclui-se que o emprego do PRP gel em enxertos cutâneos associando esponjas cirúrgicas como curativo compressivo favorece sua integração ao leito receptor sem a presença prévia de tecido de granulação.<br/><br/><br/>Palavras-chave: coelho, enxertos cutâneos, curativo compressivo, angiogênese, PRP
650 ## - ASSUNTO - THESAGRO
Cabeçalho tópico ou nome geográfico COELHO
650 ## - ASSUNTO - THESAGRO
Cabeçalho tópico ou nome geográfico PELE
650 ## - ASSUNTO - THESAGRO
Cabeçalho tópico ou nome geográfico CICATRIZAÇÃO
650 ## - ASSUNTO - THESAGRO
Cabeçalho tópico ou nome geográfico ANGIOGÊNESE
650 ## - ASSUNTO - THESAGRO
Cabeçalho tópico ou nome geográfico CIRURGIA
650 ## - ASSUNTO - THESAGRO
Cabeçalho tópico ou nome geográfico VETERINÁRIA
773 0# - ENTRADA ANALÍTICA
Host Biblionumber 1643
Registro do item 344677
Imprenta Belo Horizonte-MG Universidade Federal de Minas Gerais - Escola de Veterinaria 1983
Outro identificador 2024-5011
Título Arquivo Brasileiro de Medicina Veterinária e Zootecnia (Brazil)
ISSN 0102-0935
Colação v. 70(5) p. 1339-1348; ( 2018)
Número de controle de registro BR2024002514
856 ## - ACESSO E ENDEREÇO ELETRÔNICO
Identificador uniforme de recurso - URI https://www.scielo.br/j/abmvz/a/6mMZrvygQK86hMztcCX4SzF/?format=pdf&lang=en

Nenhum exemplar disponível.

BINAGRI

Telefone: (61)3218-2567/2388/3357/2097 - binagri@agro.gov.br

Ministério da Agricultura e Pecuária , Esplanada dos Ministérios, Bloco D, Anexo B, Brasília/DF, CEP: 70.043-900